Anuario de didáctica de la geografía, la historia y otras ciencias sociales
Guardat en:
| Autor corporatiu: | |
|---|---|
| Format: | Llibre |
| Idioma: | espanyol |
| Publicat: |
Madrid, España
Akal
1998
|
| Col·lecció: | Con-ciencia Social,
2 |
| Matèries: | |
| Etiquetes: |
Afegir etiqueta
Sense etiquetes, Sigues el primer a etiquetar aquest registre!
|
MARC
| LEADER | 00000nam a2200000 a 4500 | ||
|---|---|---|---|
| 001 | UCN2518 | ||
| 003 | CL-VaPUC | ||
| 005 | 20210911074633.0 | ||
| 008 | 010530e19980000SP |||||||||||||||||spa|d | ||
| 999 | |c 295614 |d 295612 | ||
| 040 | |c Pontificia Universidad Católica de Valparaíso | ||
| 082 | 0 | 4 | |a 372.89 FED 1998 |2 21 |
| 110 | 2 | |a Federación Icaria |e author |9 458528 | |
| 245 | 1 | 0 | |a Anuario de didáctica de la geografía, la historia y otras ciencias sociales |
| 260 | |a Madrid, España |b Akal |c 1998 | ||
| 300 | |a 340 páginas | ||
| 490 | 0 | |a Con-ciencia Social, |v 2 | |
| 583 | |a last modification |c 20010530 00:00:00 |k Rodrigo Vera | ||
| 650 | 0 | |a Enseñanza de las ciencias sociales |z ESPAÑA |9 337823 | |
| 650 | 0 | |a Sociología de la educación |z ESPAÑA |9 260380 | |
| 852 | |a BIBCUR | ||
| 942 | |c BK |2 ddc | ||
| 945 | |d 20010530 00:00:00 |a vberengu | ||
| 952 | |0 0 |1 0 |2 ddc |4 0 |6 372_890000000000000_FED_1998 |7 0 |8 A |9 348892 |a BIBHIS |b BIBHIS |d 2019-11-20 |i 367567K |o 372.89 FED 1998 |p 367567K |r 2025-01-20 |t 1 |w 2019-11-20 |y BK |k HIS | ||